<?xml version="1.0" encoding="UTF-8"?>
<record
    xmlns:xsi="http://www.w3.org/2001/XMLSchema-instance"
    xsi:schemaLocation="http://www.loc.gov/MARC21/slim http://www.loc.gov/standards/marcxml/schema/MARC21slim.xsd"
    xmlns="http://www.loc.gov/MARC21/slim">

  <leader>03088nam a2200493 a 4500</leader>
  <controlfield tag="001">Z_76</controlfield>
  <controlfield tag="003">CHAP</controlfield>
  <controlfield tag="005">20250514131737.0</controlfield>
  <controlfield tag="007">ta</controlfield>
  <controlfield tag="008">220601s1982    mx a   fr     001 0 spa d</controlfield>
  <datafield tag="020" ind1=" " ind2=" ">
    <subfield code="a">968-24-1159-9</subfield>
  </datafield>
  <datafield tag="040" ind1=" " ind2=" ">
    <subfield code="a">Z</subfield>
    <subfield code="c">CHAP</subfield>
    <subfield code="e">rda</subfield>
  </datafield>
  <datafield tag="041" ind1="0" ind2=" ">
    <subfield code="b">Espa&#xF1;ol</subfield>
    <subfield code="f">Espa&#xF1;ol</subfield>
  </datafield>
  <datafield tag="082" ind1=" " ind2=" ">
    <subfield code="a">631.55 </subfield>
    <subfield code="b">C67 1982</subfield>
    <subfield code="2">20</subfield>
  </datafield>
  <datafield tag="245" ind1="0" ind2="0">
    <subfield code="a">Cosechadoras de forrajes / </subfield>
    <subfield code="c">Basado en el trabajo de Johan D. Berlijn; colaboradores Pieter M. Rijk, I. De la Rosa Pe&#xF1;aloza, N. Paulpin Torres y E. L&#xF3;pez Gonz&#xE1;lez; revisi&#xF3;n C. Glass Pastor </subfield>
  </datafield>
  <datafield tag="250" ind1=" " ind2=" ">
    <subfield code="a">Primera edici&#xF3;n</subfield>
    <subfield code="b">(reimpresi&#xF3;n 2007)</subfield>
  </datafield>
  <datafield tag="264" ind1=" " ind2="1">
    <subfield code="a">M&#xE9;xico : </subfield>
    <subfield code="b">Trillas,</subfield>
    <subfield code="c">1982</subfield>
  </datafield>
  <datafield tag="300" ind1=" " ind2=" ">
    <subfield code="a">88 p&#xE1;ginas :</subfield>
    <subfield code="b">ilustraciones</subfield>
  </datafield>
  <datafield tag="336" ind1=" " ind2=" ">
    <subfield code="2">rdacontent</subfield>
    <subfield code="a">texto</subfield>
    <subfield code="b">txt</subfield>
  </datafield>
  <datafield tag="337" ind1=" " ind2=" ">
    <subfield code="2">rdamedia</subfield>
    <subfield code="a">sin medio</subfield>
    <subfield code="b">n</subfield>
  </datafield>
  <datafield tag="338" ind1=" " ind2=" ">
    <subfield code="2">rdacarrier</subfield>
    <subfield code="a">volumen</subfield>
    <subfield code="b">nc</subfield>
  </datafield>
  <datafield tag="490" ind1="1" ind2=" ">
    <subfield code="a">Manuales para educaci&#xF3;n agropecuaria: &#xC1;rea mec&#xE1;nica agr&#xED;cola; 47 (Trillas)</subfield>
  </datafield>
  <datafield tag="500" ind1=" " ind2=" ">
    <subfield code="a">Esta serie se llev&#xF3; a cabo bajo la supervisi&#xF3;n del Ir. Johan D. Berlijn, oficial t&#xE9;cnico de la FAO y fue realizada por 15 t&#xE9;cnicos mexicanos, as&#xED; como por 20 t&#xE9;cnicos internacionales. </subfield>
  </datafield>
  <datafield tag="500" ind1=" " ind2=" ">
    <subfield code="a">La Biblioteca cuenta con la reimpresi&#xF3;n del 2007</subfield>
  </datafield>
  <datafield tag="500" ind1=" " ind2=" ">
    <subfield code="a">ej.1- ej.2: C/E \ ej.3 - ej.4: Donaci&#xF3;n Biblioteca Central \ ej.5 - ej.7: C/E \ ej.8 - ej.9: S/N (sin sellos) Inventario Interno: 0030 - 0031 </subfield>
  </datafield>
  <datafield tag="504" ind1=" " ind2=" ">
    <subfield code="a">Incluye bibliograf&#xED;a </subfield>
  </datafield>
  <datafield tag="505" ind1="0" ind2=" ">
    <subfield code="a">Pr&#xF3;logo -- Advertencia -- 1. Introducci&#xF3;n -- 2. M&#xE1;quinas segadoras -- 3. M&#xE1;quinas picadoras-sopladoras -- 4. M&#xE1;quinas de henificaci&#xF3;n -- 5. M&#xE1;quinas empacadoras -- 6. Manipuleo del forraje -- 7. M&#xE9;todos de cosecha de forrajes </subfield>
  </datafield>
  <datafield tag="520" ind1=" " ind2=" ">
    <subfield code="a">Este manual describe la maquinaria utilizada en la cosecha y e manejo de forrajes: segadoras, picadoras-sopladoras, m&#xE1;quinas de henificaci&#xF3;n y empacadoras, as&#xED; como el equipo para el manipuleo de forraje y los m&#xE9;todos de cosecha de los mismos, los cuales permiten a los productores agropecuarios obtener un producto de alta calidad alimenticia para el ganado. por medio de las operaciones mecanizadas es posible, por una parte, obtener mayores ganancias en la producci&#xF3;n de leche y carne, y por otra, lograr una adecuada conservaci&#xF3;n de alimentos para ser utilizados en invierno o en otros periodos de menor producci&#xF3;n forrajera, as&#xED; como mantener los pastos en mejor estado. </subfield>
  </datafield>
  <datafield tag="650" ind1=" " ind2="0">
    <subfield code="a">Maquinaria y equipamiento agr&#xED;cola</subfield>
    <subfield code="9">146124</subfield>
  </datafield>
  <datafield tag="650" ind1="1" ind2="3">
    <subfield code="a">Cosechadoras de forrajes</subfield>
    <subfield code="9">137262</subfield>
  </datafield>
  <datafield tag="650" ind1="1" ind2="3">
    <subfield code="a">Cosechadoras</subfield>
    <subfield code="9">28442</subfield>
  </datafield>
  <datafield tag="650" ind1="1" ind2="3">
    <subfield code="a">Cosechadoras de forrajes</subfield>
    <subfield code="9">137262</subfield>
  </datafield>
  <datafield tag="700" ind1="1" ind2=" ">
    <subfield code="a">Berlijn, Johan D.</subfield>
    <subfield code="9">11826</subfield>
    <subfield code="e">director</subfield>
  </datafield>
  <datafield tag="700" ind1="1" ind2=" ">
    <subfield code="a">Rijt, Pieter M.</subfield>
    <subfield code="9">187504</subfield>
    <subfield code="e">colaborador</subfield>
  </datafield>
  <datafield tag="700" ind1="1" ind2=" ">
    <subfield code="a">De la Rosa Pe&#xF1;aloza, I.</subfield>
    <subfield code="9">190282</subfield>
    <subfield code="e">colaborador</subfield>
  </datafield>
  <datafield tag="700" ind1="1" ind2=" ">
    <subfield code="a">Torres, Paul&#xED;n N.</subfield>
    <subfield code="e">colaborador</subfield>
    <subfield code="9">187525</subfield>
  </datafield>
  <datafield tag="700" ind1="1" ind2=" ">
    <subfield code="a">Lopez Gonz&#xE1;lez, E.</subfield>
    <subfield code="9">187522</subfield>
    <subfield code="e">colaborador</subfield>
  </datafield>
  <datafield tag="700" ind1="1" ind2=" ">
    <subfield code="a">Pastor, C. Glass</subfield>
    <subfield code="9">85979</subfield>
    <subfield code="e">revisi&#xF3;n</subfield>
  </datafield>
  <datafield tag="830" ind1=" " ind2=" ">
    <subfield code="9">137261</subfield>
    <subfield code="a">Manuales para educaci&#xF3;n agropecuaria: &#xC1;rea mec&#xE1;nica agr&#xED;cola; 47 (Trillas)</subfield>
  </datafield>
  <datafield tag="901" ind1=" " ind2=" ">
    <subfield code="a">631.55 C67 1988</subfield>
  </datafield>
  <datafield tag="902" ind1=" " ind2=" ">
    <subfield code="a">M</subfield>
  </datafield>
  <datafield tag="905" ind1=" " ind2=" ">
    <subfield code="a">0000001982           reimp. 1987    mx a   0000000000spa00</subfield>
  </datafield>
  <datafield tag="942" ind1=" " ind2=" ">
    <subfield code="c">LIBRO</subfield>
    <subfield code="2">ddc</subfield>
  </datafield>
  <datafield tag="999" ind1=" " ind2=" ">
    <subfield code="c">216829</subfield>
    <subfield code="d">216829</subfield>
  </datafield>
  <datafield tag="952" ind1=" " ind2=" ">
    <subfield code="0">0</subfield>
    <subfield code="1">0</subfield>
    <subfield code="2">ddc</subfield>
    <subfield code="4">0</subfield>
    <subfield code="5">1</subfield>
    <subfield code="7">0</subfield>
    <subfield code="8">GRAL</subfield>
    <subfield code="a">Z</subfield>
    <subfield code="b">Z</subfield>
    <subfield code="d">1988-10-14</subfield>
    <subfield code="e">Compra</subfield>
    <subfield code="i">C/E</subfield>
    <subfield code="l">0</subfield>
    <subfield code="o">631.55 C67 1982</subfield>
    <subfield code="p">5102002930</subfield>
    <subfield code="r">2025-04-24 12:48:23</subfield>
    <subfield code="t">Ej.1</subfield>
    <subfield code="w">2025-04-24</subfield>
    <subfield code="y">LIBRO</subfield>
  </datafield>
  <datafield tag="952" ind1=" " ind2=" ">
    <subfield code="0">0</subfield>
    <subfield code="1">0</subfield>
    <subfield code="2">ddc</subfield>
    <subfield code="4">0</subfield>
    <subfield code="5">5</subfield>
    <subfield code="7">0</subfield>
    <subfield code="8">GRAL</subfield>
    <subfield code="a">Z</subfield>
    <subfield code="b">Z</subfield>
    <subfield code="d">1988-10-14</subfield>
    <subfield code="e">Compra</subfield>
    <subfield code="i">C/E</subfield>
    <subfield code="l">0</subfield>
    <subfield code="o">631.55 C67 1982</subfield>
    <subfield code="p">5102002931</subfield>
    <subfield code="r">2025-04-24 12:48:23</subfield>
    <subfield code="t">Ej.2</subfield>
    <subfield code="w">2025-04-24</subfield>
    <subfield code="y">LIBRO</subfield>
  </datafield>
  <datafield tag="952" ind1=" " ind2=" ">
    <subfield code="0">0</subfield>
    <subfield code="1">0</subfield>
    <subfield code="2">ddc</subfield>
    <subfield code="4">0</subfield>
    <subfield code="5">5</subfield>
    <subfield code="7">0</subfield>
    <subfield code="8">GRAL</subfield>
    <subfield code="a">Z</subfield>
    <subfield code="b">Z</subfield>
    <subfield code="d">2025-04-24</subfield>
    <subfield code="e">Donaci&#xF3;n</subfield>
    <subfield code="i">S/N</subfield>
    <subfield code="l">0</subfield>
    <subfield code="o">631.55 C67 1982</subfield>
    <subfield code="p">5102002946</subfield>
    <subfield code="r">2025-04-24 12:48:23</subfield>
    <subfield code="t">Ej.3</subfield>
    <subfield code="w">2025-04-24</subfield>
    <subfield code="y">LIBRO</subfield>
  </datafield>
  <datafield tag="952" ind1=" " ind2=" ">
    <subfield code="0">0</subfield>
    <subfield code="1">0</subfield>
    <subfield code="2">ddc</subfield>
    <subfield code="4">0</subfield>
    <subfield code="5">5</subfield>
    <subfield code="7">0</subfield>
    <subfield code="8">GRAL</subfield>
    <subfield code="a">Z</subfield>
    <subfield code="b">Z</subfield>
    <subfield code="d">2025-04-24</subfield>
    <subfield code="e">Donaci&#xF3;n</subfield>
    <subfield code="i">S/N</subfield>
    <subfield code="l">0</subfield>
    <subfield code="o">631.55 C67 1982</subfield>
    <subfield code="p">5102002947</subfield>
    <subfield code="r">2025-04-24 12:48:23</subfield>
    <subfield code="t">Ej.4</subfield>
    <subfield code="w">2025-04-24</subfield>
    <subfield code="y">LIBRO</subfield>
  </datafield>
  <datafield tag="952" ind1=" " ind2=" ">
    <subfield code="0">0</subfield>
    <subfield code="1">0</subfield>
    <subfield code="2">ddc</subfield>
    <subfield code="4">0</subfield>
    <subfield code="5">5</subfield>
    <subfield code="7">0</subfield>
    <subfield code="8">GRAL</subfield>
    <subfield code="a">Z</subfield>
    <subfield code="b">Z</subfield>
    <subfield code="d">2011-11-29</subfield>
    <subfield code="e">Compra Libreria UACh No. 33745</subfield>
    <subfield code="i">C/E</subfield>
    <subfield code="l">0</subfield>
    <subfield code="o">631.55 C67 1982</subfield>
    <subfield code="p">5102002950</subfield>
    <subfield code="r">2025-04-24 12:48:23</subfield>
    <subfield code="t">Ej.5</subfield>
    <subfield code="w">2025-04-24</subfield>
    <subfield code="y">LIBRO</subfield>
  </datafield>
  <datafield tag="952" ind1=" " ind2=" ">
    <subfield code="0">0</subfield>
    <subfield code="1">0</subfield>
    <subfield code="2">ddc</subfield>
    <subfield code="4">0</subfield>
    <subfield code="5">5</subfield>
    <subfield code="7">0</subfield>
    <subfield code="8">GRAL</subfield>
    <subfield code="a">Z</subfield>
    <subfield code="b">Z</subfield>
    <subfield code="d">2011-11-29</subfield>
    <subfield code="e">Compra Libreria UACh No. 33745</subfield>
    <subfield code="i">C/E</subfield>
    <subfield code="l">0</subfield>
    <subfield code="o">631.55 C67 1982</subfield>
    <subfield code="p">5102003057</subfield>
    <subfield code="r">2025-04-24 12:48:23</subfield>
    <subfield code="t">Ej.6</subfield>
    <subfield code="w">2025-04-24</subfield>
    <subfield code="y">LIBRO</subfield>
  </datafield>
  <datafield tag="952" ind1=" " ind2=" ">
    <subfield code="0">0</subfield>
    <subfield code="1">0</subfield>
    <subfield code="2">ddc</subfield>
    <subfield code="4">0</subfield>
    <subfield code="5">5</subfield>
    <subfield code="7">0</subfield>
    <subfield code="8">GRAL</subfield>
    <subfield code="a">Z</subfield>
    <subfield code="b">Z</subfield>
    <subfield code="d">2011-11-29</subfield>
    <subfield code="e">Compra Libreria UACh No. 33745</subfield>
    <subfield code="i">C/E</subfield>
    <subfield code="l">0</subfield>
    <subfield code="o">631.55 C67 1982</subfield>
    <subfield code="p">5102003059</subfield>
    <subfield code="r">2025-04-24 12:48:23</subfield>
    <subfield code="t">Ej.7</subfield>
    <subfield code="w">2025-04-24</subfield>
    <subfield code="y">LIBRO</subfield>
  </datafield>
  <datafield tag="952" ind1=" " ind2=" ">
    <subfield code="0">0</subfield>
    <subfield code="1">0</subfield>
    <subfield code="2">ddc</subfield>
    <subfield code="4">0</subfield>
    <subfield code="5">5</subfield>
    <subfield code="7">0</subfield>
    <subfield code="8">GRAL</subfield>
    <subfield code="a">Z</subfield>
    <subfield code="b">Z</subfield>
    <subfield code="d">2025-04-24</subfield>
    <subfield code="e">Compra</subfield>
    <subfield code="i">S/N</subfield>
    <subfield code="l">0</subfield>
    <subfield code="o">631.55 C67 1982</subfield>
    <subfield code="p">5102005932</subfield>
    <subfield code="r">2025-04-24 12:48:23</subfield>
    <subfield code="t">Ej.8</subfield>
    <subfield code="w">2025-04-24</subfield>
    <subfield code="y">LIBRO</subfield>
  </datafield>
  <datafield tag="952" ind1=" " ind2=" ">
    <subfield code="0">0</subfield>
    <subfield code="1">0</subfield>
    <subfield code="2">ddc</subfield>
    <subfield code="4">0</subfield>
    <subfield code="5">5</subfield>
    <subfield code="7">0</subfield>
    <subfield code="8">GRAL</subfield>
    <subfield code="a">Z</subfield>
    <subfield code="b">Z</subfield>
    <subfield code="d">2025-04-24</subfield>
    <subfield code="e">Compra</subfield>
    <subfield code="i">S/N</subfield>
    <subfield code="l">0</subfield>
    <subfield code="o">631.55 C67 1982</subfield>
    <subfield code="p">5102005933</subfield>
    <subfield code="r">2025-04-24 12:48:23</subfield>
    <subfield code="t">Ej.9</subfield>
    <subfield code="w">2025-04-24</subfield>
    <subfield code="y">LIBRO</subfield>
  </datafield>
</record>
